Microsoft SQL Server 2005 Performance Optimization and Tuning Handbook /

Gespeichert in:
Bibliographische Detailangaben
Hauptverfasser: England, Ken (Verfasst von), Powell, Gavin (Verfasst von)
Format: Buch
Sprache:Englisch
Veröffentlicht: Burlington Elsevier Inc. 2007
Tags: Tag hinzufügen
Keine Tags, Fügen Sie das erste Tag hinzu!

MARC

LEADER 00000nam a22000003a 4500
001 0011799
003 SK-STU
005 20160121103127.8
007 ta
008 160121s ----xo-----e------000-0-----d
020 |a 978-1-55558-319-4 
040 |a STU  |b slo 
041 0 |a eng 
044 |a xxu 
080 |a 621.38 
100 1 |a England, Ken  |r Z6  |4 aut 
245 1 0 |a Microsoft SQL Server 2005 Performance Optimization and Tuning Handbook /  |c aut. Ken England, Gavin Powell 
260 |a Burlington  |b Elsevier Inc.  |c 2007 
300 |a 499 s. 
700 1 |a Powell, Gavin  |4 aut 
996 |b 284EK89624  |c E* 89624  |l EE34  |s P  |a 0  |w 0011799_0001